Részvényesi felelősség

Elmentve itt :
Bibliográfiai részletek
Szerző: Reitzer Béla
Dokumentumtípus: Cikk
Megjelent: 1931
Sorozat:Polgári jog : a hazai és külföldi magánjog és hiteljog szemléje 7
Kulcsszavak:Részvényjog magyar
Online Access:http://misc.bibl.u-szeged.hu/15023
LEADER 00596nab a2200169 i 4500
001 misc15023
005 20191106142550.0
008 170607s1931 hu o 0|| hun d
040 |a SZTE Miscellanea Repozitórium  |b hun 
041 |a hun 
100 1 |a Reitzer Béla 
245 1 0 |a Részvényesi felelősség  |h [elektronikus dokumentum] /  |c  Reitzer Béla 
260 |c 1931 
300 |a 62-68a 
490 0 |a Polgári jog : a hazai és külföldi magánjog és hiteljog szemléje  |v 7 
695 |a Részvényjog magyar 
856 4 0 |u http://misc.bibl.u-szeged.hu/15023/1/polgari_jog_1931_062-068a.pdf  |z Dokumentum-elérés